000 01274cam a2200301 a 4500
001 12294192
003 ARRUPE
005 20160209150902.0
008 010130s2000 sa ab b 001 0ceng
010 _a 2001321489
020 _a0869809571
040 _aDLC
_cDLC
_dDLC
043 _af-sa---
050 0 0 _aDT1926
_b.L3 2000
082 0 0 _a320.54/092/3963986068
_221
100 1 _aLa Hausse, Paul.
_922179
245 1 0 _aRestless identities :
_bsignatures of nationalism, Zulu ethnicity, and history in the lives of Petros Lamula (c. 1881-1948) and Lymon Maling (1889-c. 1936) /
_cPaul la Hausse de Lalouvière.
260 _aPietermaritzburg :
_bUniversity of Natal Press,
_c2000.
300 _axvi, 317 p. :
_bill., maps ;
_c23 cm.
504 _aIncludes bibliographical references (p. 279-295) and index.
600 1 0 _aLamula, Petros,
_d1880 or 1881-1948.
_922180
600 1 0 _aMaling, Mengerhausen Lymon Ernest,
_d1889-1936 or 1937.
_922181
610 2 0 _aInkatha (Organization : South Africa)
_xHistory.
_922182
610 2 0 _aAfrican National Congress
_xHistory
_922183
906 _a7
_bcbc
_corignew
_d3
_encip
_f20
_gy-gencatlg
942 _2lcc
_cMONOGRAPH
999 _c124129
_d124129